Vplyv cestovného ruchu na miestne rozpočty

Argumenty pre a proti zdaňovaniu cestovného ruchu. Zdaňovanie cestovného ruchu na Slovensku. Cestovný ruch a miestne rozpočty. Porovnanie rozpočtov vybraných miest. Daňové zaťaženie cestovného ruchu a prínos zdanenia pre obyvateľstvo.

Saved in:
Bibliographic Details
Main Author: Hornok, Michal
Format: Book Chapter
Language:Slovak
Subjects:
Tags: Add Tag
No Tags, Be the first to tag this record!

MARC

LEADER 00000naa$a2200000$$$4500
001 0044395
005 20231016072459.4
041 0 |a slo 
044 |a SK 
245 1 0 |a Vplyv cestovného ruchu na miestne rozpočty  |c Michal Hornok 
520 |a Argumenty pre a proti zdaňovaniu cestovného ruchu. Zdaňovanie cestovného ruchu na Slovensku. Cestovný ruch a miestne rozpočty. Porovnanie rozpočtov vybraných miest. Daňové zaťaženie cestovného ruchu a prínos zdanenia pre obyvateľstvo. 
610 2 0 |a ruch cestovný 
610 2 0 |a dane 
610 2 0 |a výnosy daňové 
610 2 0 |a zariadenia ubytovacie 
610 2 0 |a služby 
610 2 0 |a rozpočet miestny 
610 2 0 |a regióny 
100 1 |a Hornok, Michal